| 000 | 00587nam a22002057a 4500 | ||
|---|---|---|---|
| 003 | OSt | ||
| 005 | 20240612121405.0 | ||
| 008 | 240612b |||||||| |||| 00| 0 eng d | ||
| 020 | _a052136860 | ||
| 040 | _cmust | ||
| 082 | _a510 STE 1990 | ||
| 100 |
_aG. Stephenson _917116 |
||
| 245 |
_aAdvanced mathematical methods for engineering and science students/ _cStephenson G. |
||
| 260 |
_aNew york: _bcambridge university pres; _cc1990. |
||
| 300 |
_axi:255p.: _bill. _c23cm |
||
| 504 | _aIncludes index | ||
| 600 | _2mathematics | ||
| 700 |
_aRadmore P.M _917117 |
||
| 942 |
_2ddc _cO_SHELF |
||
| 999 |
_c8423 _d8423 |
||